Modern Refrigeration and Air Conditioning / (Record no. 3493)
[ view plain ]
| 000 -LEADER | |
|---|---|
| fixed length control field | 00890nac a22002171u 4500 |
| 008 - FIXED-LENGTH DATA ELEMENTS--GENERAL INFORMATION | |
| fixed length control field | 100905t xxu||||| |||| 00| 0 eng d |
| 010 ## - LIBRARY OF CONGRESS CONTROL NUMBER | |
| LC control number | 60006022 |
| 035 ## - SYSTEM CONTROL NUMBER | |
| System control number | (OCoLC)1159209 |
| 082 ## - DEWEY DECIMAL CLASSIFICATION NUMBER | |
| Classification number | 621.56 |
| Item number | ALT |
| 100 ## - MAIN ENTRY--PERSONAL NAME | |
| Personal name | Althouse, Andrew Danie |
| 9 (RLIN) | 17851 |
| 245 10 - TITLE STATEMENT | |
| Title | Modern Refrigeration and Air Conditioning / |
| Statement of responsibility, etc | By Andrew D. Althouse and Carl H. Turnquist. |
| 260 ## - PUBLICATION, DISTRIBUTION, ETC. (IMPRINT) | |
| Place of publication, distribution, etc | Chicago: |
| Name of publisher, distributor, etc | Goodheart-Willcox Co. , |
| Date of publication, distribution, etc | 1960 |
| 300 ## - PHYSICAL DESCRIPTION | |
| Extent | 756 p. : |
| Other physical details | ill. ; |
| Dimensions | 24 cm. |
| 500 ## - GENERAL NOTE | |
| General note | Donations. |
| 500 ## - GENERAL NOTE | |
| General note | Donations - Bibliotheca Alexandrina. |
| 650 #0 - SUBJECT ADDED ENTRY--TOPICAL TERM | |
| Topical term or geographic name as entry element | Refrigeration and refrigerating machinery. |
| 9 (RLIN) | 17852 |
| 650 #0 - SUBJECT ADDED ENTRY--TOPICAL TERM | |
| Topical term or geographic name as entry element | Air conditioning. |
| 9 (RLIN) | 17853 |
| 700 1# - ADDED ENTRY--PERSONAL NAME | |
| Personal name | Turnquist, Carl Harold, |
| Dates associated with a name | 1910- |
| 9 (RLIN) | 17854 |
| 942 ## - ADDED ENTRY ELEMENTS (KOHA) | |
| Item type | Book - Borrowing |
| Call number prefix | 621.56ALT |
| Source of classification or shelving scheme | Dewey Decimal Classification |
| Withdrawn status | Item status | Source of classification or shelving scheme | Damaged status | Not for loan | Home library | Current library | Shelving location | Date acquired | Full call number | Barcode | Date last seen | Koha item type |
|---|---|---|---|---|---|---|---|---|---|---|---|---|
| Dewey Decimal Classification | Central Library | Central Library | First floor | 05/09/2010 | 621.56 ALT | 000030429 | 15/07/2025 | Book - Borrowing |